So, why would you like to work here? (Record no. 77152)

MARC details
000 -LEADER
fixed length control field 00909cab a2200193 4500
001 - CONTROL NUMBER
control field ##L133681
008 - FIXED-LENGTH DATA ELEMENTS--GENERAL INFORMATION
fixed length control field 060601n2006 000 0 eng u
035 ## - SYSTEM CONTROL NUMBER
System control number (Sirsi) u133681
041 0# - LANGUAGE CODE
Language code of text/sound track or separate title eng
100 1# - MAIN ENTRY--PERSONAL NAME
Personal name Tinworth, Adam
245 00 - TITLE STATEMENT
Title So, why would you like to work here?
260 ## - PUBLICATION, DISTRIBUTION, ETC.
Date of publication, distribution, etc. 2006
490 #0 - SERIES STATEMENT
Series statement Estates Gazette
Volume/sequential designation (0621) 27 May 2006, 70-72(3)
520 ## - SUMMARY, ETC.
Summary, etc. Reports on research carried out by the Reading Real Estate Foundation on the best firms to work for, and why. Surveyed those who graduated in the past 30 years from the University of Reading. Ranks the top 10 of each of the following: banking/fund managers, service providers, property companies, and company attributes. Discusses what makes these companies attractive to potential employees. Tables.
590 ## - LOCAL NOTE (RLIN)
Local note IKA060606
690 ## - LOCAL SUBJECT ADDED ENTRY--TOPICAL TERM (OCLC, RLIN)
Topical term or geographic name as entry element CAREERS, EDUCATION AND TRAINING-CAREERS IN SURVEYING
700 1# - ADDED ENTRY--PERSONAL NAME
Personal name Barnard, Lucy
942 ## - ADDED ENTRY ELEMENTS (KOHA)
Suppress in OPAC 0
Holdings
Withdrawn status Lost status Source of classification or shelving scheme Damaged status Not for loan Home library Current library Shelving location Date acquired Total Checkouts Full call number Barcode Date last seen Copy number Price effective from Koha item type
    Dewey Decimal Classification     London London Journal article 01/06/2006   L133681 133681-1001 06/08/2019 1 06/08/2019 Journal article